Аутори по књигама #2 - Statistics

General Stats
  • This quiz has been taken 60 times
  • The average score is 14 of 24
Answer Stats
Књига Аутор % Correct
Проклета авлија Иво Андрић
100%
Горски вијенац Петар II Петровић Његош
98%
Сеобе Милош Црњански
92%
Божанствена комедија Данте Алигијери
88%
Нечиста крв Борисав Станковић
84%
Странац Албер Ками
76%
Алхемичар Пауло Коељо
71%
Доживљаји Тома Сојера Марк Твен
69%
Хари Потер и Камен мудрости Џ. К. Роулинг
65%
Убиство у Оријент експресу Агата Кристи
63%
Чича Горио Оноре де Балзак
59%
Франкенштајн Мери Шели
55%
Слика Доријана Греја Оскар Вајлд
55%
Три мускетара Александар Дима
55%
Име руже Умберто Еко
49%
Мајстор и Маргарита Михаил Булгаков
49%
Владалац Николо Макијавели
47%
Гордост и предрасуда Џејн Остин
45%
Сто година самоће Габријел Гарсија Маркес
43%
Зов дивљине Џек Лондон
39%
Убити птицу ругалицу Харпер Ли
37%
Врли нови свет Олдус Хаксли
16%
Ка светионику Вирџинија Вулф
14%
Дина Френк Херберт
12%
No matching quizzes found
Score Distribution
Percent of People with Each Score
Percentile by Number Answered
Your Score History
You have not taken this quiz